Ethics and Discipline in Public service (Record no. 3094)

MARC details
000 -LEADER
fixed length control field 00373nam a22001337a 4500
008 - FIXED-LENGTH DATA ELEMENTS--GENERAL INFORMATION
fixed length control field 250422b |||||||| |||| 00| 0 eng d
020 ## - INTERNATIONAL STANDARD BOOK NUMBER
ISBN 9781254424
100 ## - MAIN ENTRY--AUTHOR
Author Wamakko Magatakarda Aliyu
245 ## - TITLE STATEMENT
Title Ethics and Discipline in Public service
260 ## - PUBLICATION, DISTRIBUTION, ETC. (IMPRINT)
Place of publication Nigeria
Name of publisher Ahmadu Bello University Press Ltd Zaria
Date of publication 2013
300 ## - COLLATION
Pagination 118p.
942 ## - ADDED ENTRY ELEMENTS (KOHA)
Item type Books
050 ## - LIBRARY OF CONGRESS CALL NUMBER
Classification number JF 1525
Item number .E74
Holdings
Source of classification or shelving scheme Not for loan Permanent location Current location Date acquired Accession No. Full call number Barcode. Koha item type
Library of Congress Classification   Samuel Ogbemudia Main Library, University of Abuja Samuel Ogbemudia Main Library, University of Abuja 04/22/2025 2014/438128 JF 1525.E74 2025-1506 Books